Quizzes
Events
Quiz Creation
Community
Videos
Private Events
Remove Ads
Sign In
Join for FREE
Feedback
Dark Mode
Quiz Categories
Sports
Geography
Music
Movies
Television
Just For Fun
Miscellaneous
History
Literature
Language
Science
Gaming
Entertainment
Religion
Holiday
For Kids
Quiz Lab
Recent
Popular Today
Quiz Kudos Today
Editor Picks
Curator Picks
Quizzes by...
Day
Popularity
Type
Ratings
Length
Year
Community
Subscriptions
Recent Discussions
Orange Saloon
Badges
Playlists
Quests
Create
Leaderboards
Showdown
Live 5
Trivia Bingo
Activity
Puzzle Library
Sporcle Events
Private Events
Virtual Trivia
Globe League
Become a Host
Pub Owners
SporcleCon
Opinionation
Our Games
Videos
Blog
Mobile Apps
Partnerships
Remove Ads and Go Orange
Feedback
Sports
Athletes
MLB
NBA
NHL
NFL
Soccer
Sports Teams
WWE
NCAA
Football
Premier League
Basketball
Baseball
Hockey
Golf
Tennis
Cricket
Rugby
Auto Racing
Olympics
World Cup
Sports
Athletes
MLB
NBA
NHL
NFL
Soccer
Sports Teams
WWE
NCAA
Football
Premier League
Basketball
Baseball
Hockey
Golf
Tennis
Cricket
Rugby
Auto Racing
Olympics
World Cup
Random Quiz
Search Sporcle
×
Quiz Lab
Quiz Lab
Sports
colorado
Type in answers that appear in a list
Type in answers that appear in a list
Classic
Best Score? Go Orange.
Colorado Avalanche All-Time Scoring Leaders Stats
Can you name the Colorado Avalanche All-Time Scoring Leaders?
By
tawingosens
10m
20 Questions
31 Plays
31 Plays
31 Plays
Comments
Comments
Give Quiz Kudos
Give Quiz Kudos
-
- Ratings
hide this ad
Replay
Link that replays current quiz
Next Quiz
Link to next quiz in quiz playlist
You Got
0%
They Got
Avg Score
73%
Avg Friend Score
Upgrade to see
Score Distribution
Jump to the score distribution portion of the page
Score
0/20
Timer
10:00
0
Plays Today
Position
Answer
% Correct
C
Joe Sakic
100%
C
Peter Forsberg
100%
G
Patrick Roy
100%
LW
Anton Stastny
90.3%
C
Peter Stastny
90.3%
RW
Milan Hejduk
90.3%
RW
Marian Stastny
90.3%
D
Adam Foote
87.1%
LW
Alex Tanguay
83.9%
G
Semyon Varlamov
83.9%
Position
Answer
% Correct
LW
Michel Goulet
77.4%
D
Tyson Barrie
77.4%
D
Rob Blake
77.4%
LW
Gabriel Landeskog
71%
D
Sandis Ozolinsh
67.7%
D
John-Michael Liles
64.5%
C
Dale Hunter
35.5%
RW
Scott Young
32.3%
RW
Adam Deadmarsh
29%
D
Mario Marois
12.9%
Quiz Playlist
Details
Report
Send in Message
Add To Playlist
Classic:
Type in answers that appear in a list
Last Updated: Sep 27, 2019
Quiz Scoreboard
CHALLENGE
Sign Up to Join the Scoreboard
Show All
Scores
Hide
Comments
May contain spoilers
Recently Published
Billboard Blitz: Fleetwood Mac
by CooCooCachoo
Music
15s
Presidents Visiting Landmarks
by Hejman
History
7m
An Introduction to Baseball
by treessimontrees
Sports
5m
More to Explore
Quiz From the Vault
Featured Blog Post
Where Did the Easter Bunny Come From?
hide this ad
You Might Also Like...
Tags
colorado
Colorado Avalanche
Leader
point
position
Scoring
Scoring Leaders
Today's Top Quizzes in Sports
Browse Sports
hide this ad
Today's Top Quizzes in colorado
Browse colorado
Top Contributed Quizzes in Sports
1
Les meilleurs buteurs des matchs entre le PSG et l’OM
2
2022 World Cup Stars
3
FIFA Club World Cup Champions
4
Les entraîneurs de l'OM et du PSG au 21e siècle
5
Criteria MLB: Left Handed Sluggers
6
Name the Premier League winners with different clubs
7
5-to-1: UK Sports Teams
8
AFC Teams Reveal (Wrong Answers Minefield)
9
Players with Multiple 50 Home Run Seasons
10
5-to-1: FBS Animal Nicknames
Explore More
Trending Topics
Crossword
Anime
Disney
Marvel
Harry Potter
NBA
Kpop
WWE
Song
NFL
Pokémon
Puzzle
The Office
Country
Soccer
hide this ad
More By:
tawingosens
Quiz
Plays
Rating
Category
Featured
Created
New York Rangers Leaders 2009-2019
470
5.00
Sports
Sep 25, 2019
Colorado Avalanche Leaders 2009-2019
421
3.67
Sports
Sep 23, 2019
New York Islanders Leaders 2009-2019
407
5.00
Sports
Sep 24, 2019
Pittsburgh Penguins Leaders 2009-2019
402
5.00
Sports
Sep 26, 2019
Chicago Blackhawks Leaders 2009-2019
370
5.00
Sports
Sep 24, 2019
Go to Creator's Profile
Score Distribution
Quiz Creator Spotlight
tawingosens
Follow
Send a Message
Quizzes Created
-
Created Quiz Play Count
-
More By This Creator
Popular Quizzes Today
1
Find the US States - No Outlines Minefield
2
Find the Countries of Europe - No Outlines Minefield
3
The Countries of the World
4
Find the US States
5
Risky Map Clicking: Biggest States A-Z
6
US States
7
Popular People in 1961
8
Movies - When Are They Set?
More Sports Quizzes
First Five Royal Rumble Entrants
Curator's Pick
Trending Quizzes
Risky Map Clicking: Least Populous States A-Z
1-10 Letter G Words
1-10 Letter F Words
Risky Map Clicking: Next State Alphabetically
Risky Map Clicking: Biggest States A-Z
Recently Updated
Leaping Animals
pecheneg
Reality TV Shows (A-Z)
bhenderson79
Rickey Henderson's Hall of Fame Teammates
pecheneg
Champions League XIs: Arsenal
pecheneg
Quick Pick: Celebrities in WWE's Hall of Fame
aduchscher
A-Z Keypad Blitz II
pecheneg
Multiple Oscar Actors
pecheneg
Mystery Phrase Blitz: Oscar 'Best Actors'
pecheneg
F. Scott Fitzgerald Novels
LTH
Pick 3 Villains
ddd62291
Trending Topics
Anime
Kpop
Harry Potter
Disney
Marvel
Crossword
NBA
The Office
Song
Pokémon
Country
Soccer
Puzzle
WWE
NFL
Your Account Isn't Verified!
In order to create a playlist on Sporcle, you need to verify the email address you used during registration. Go to your
Sporcle Settings
to finish the process.
Report this User
Report this user for behavior that violates our
Community Guidelines
.
Details:
Send Report
Go to the Sporcle.com Mobile Site →
Comments